00334nam a2200121Ia 45000010005000000080041000050820017000461000034000632450048000972600024001459010028001699990015001972876241024s9999 xx 000 0 und d aRD/630/IN59d aInstituto Agrario Dominicano, 0aDocumentos del Instituto Agrario Dominicano bSanto Domingoc2013 a19/4/2013 11:55:45 a.m. c8011d8011